1400 1074 1463 1041 1617 1136 1594 1555 1500 1926 1223 1950 1591 1593 1987 1834 1344 1521 1701 1287 1686 1592 1199 1789 1288 1291 1895 1095 1727 1168 1944 1101 1911 1095 1185 1929 1806 1150 1667 1705 1654 1467 1237 1034 1251 1679 1204 1482 1403 1726 1960 1459 1175 1771 1549 1798 1471 1751 1828 1674 1988 1274 1132 1307 1333 1123 1689 1057 1191 1706 1303 1942 1768 1483 1478 1675 1509 1658 1705 1177 2000 1331 1882 1551 1217 1813 1760 1294 1447 1124 1934 1390 1749 1083 1014 1491 1561 1702 1210 BCNSPRNW ULIB Ver.6.0+V

เปลี่ยนเป็นภาษาไทย

Change to English
 แสดงรายละเอียดบรรณานุกรม
  กลับหน้าหลัก

Brief Record : Get Marc (ISO 2709) : E-mail record : QR code < ปิดหน้าต่าง
LEADER : 00000nam 2200000uu 4500
001    13399113802
003     ULIB
008    020711s2550 th a 000 0 tha d
020    ^a9789749557754
090    ^aนว.^bส984ฟ
100    ^aโสภาค สุวรรณ
245    ^aฟ้าจรดทราย/^cโสภาค สุวรรณ
260    ^aกรุงเทพฯ :^bรวมสาส์น,^c2550
300    ^a576 หน้า
945    ^p350^l0^i022007
999 ^a ทศพร
รายการนี้ยังไม่มีแท็ก
คุณยังไม่ได้ล็อกอิน คุณสามารถมีกิจกรรมร่วมกับเว็บไซต์ได้ แต่ต้องล็อกอินก่อน ::
  ล็อกอิน

รายการสื่อสารสนเทศ

ลำดับที่ ประเภท เลขเรียก/บาร์โค้ด สถานที่ สถานะ
1. นวนิยาย
นวนิยาย
นว. ส984ฟ ฉ.1 
  Barcode: 022007
ห้องสมุดวิทยาเขตสวรรค์ประชารักษ์
►นวนิยาย
บนชั้น
  ขอยืม

รายการใกล้เคียง
    ผู้แต่ง [โสภาค สุวรรณ]

BibComment


ยังไม่เคยถูกคอมเมนท์

คอมเมนท์ทรัพยากรรายการนี้
  คอมเมนท์: ฟ้าจรดทราย โสภาค..


 Copyright 2026. Bcnsprnw @Library